| 000 | 00598nam a2200229Ia 4500 | ||
|---|---|---|---|
| 003 | OSt | ||
| 005 | 20221005121551.0 | ||
| 006 | a|||||r|||| 00| 0 | ||
| 007 | ta | ||
| 008 | 221004b |||||||| |||| 00| 0 eng d | ||
| 024 | _a36444 | ||
| 037 | _cTextual | ||
| 040 |
_aCRL _cCRL _beng |
||
| 041 |
_2eng _aeng |
||
| 082 | _aO:2v3:K3, C9.2 | ||
| 100 | _aWard Adolphus William | ||
| 245 | 0 | _aHistory of English dramatic literature | |
| 260 | _c1899 | ||
| 650 | _aENGLISH LITERATURE | ||
| 942 |
_hO:2v3:K3, C9.2 _cTEXL _2cc |
||
| 999 |
_c1041569 _d1041569 |
||